000 00385nam a2200181Ia 4500
001 4787
005 20260306145820.0
008 260306t1996||||xx |||||||||||||| ||spa||
041 _aESP
082 _a330.1
_bK15
100 _aKafka, Folke
_eAUT
245 0 _aTeoría económica
260 _c1996
300 _a
_c
650 _aGEN
654 _aCAN
942 _cLIB
_dJUS
_fJUS
_2ddc
_n
999 _c4787
_d4787